Sports Quiz

Random Sports or NFL Quiz

NFL Passing 30,000 Yards, 250 TDs Quiz Stats

 Plays Quiz Updated Feb 6, 2021

     
Support Sporcle.
Go Orange.
Score 0/23 Timer 06:00
1 Play Today
Yards/TDs Player % Correct
71,940/539*Peyton Manning
99.3%
57,023/366Eli Manning
99.2%
79,204/581+Tom Brady
99.1%
80,358/571+Drew Brees
97.8%
71,838/508*Brett Favre
96.3%
61,361/420*Dan Marino
96.2%
51,475/300*John Elway
94.5%
63,440/421Phillip Rivers
94.4%
51,245/412+Aaron Rodgers
92.8%
60,348/396+Ben Roethlisberger
91.8%
33,946/267+Russell Wilson
90.5%
55,767/347+Matt Ryan
90.4%
Yards/TDs Player % Correct
45,109/282+Matthew Stafford
89.7%
40,551/273*Joe Montana
85.9%
46,247/294Carson Palmer
82.5%
44,611/251Drew Bledsoe
76.7%
49,325/291*Warren Moon
75.9%
43,040/254*Dan Fouts
67.1%
46,233/275Vinny Testaverde
63.6%
47,003/342*Fran Tarkenton
61%
40,239/290*Johnny Unitas
51.8%
38,147/261Dave Krieg
26.6%
32,224/255*Sonny Jurgensen
20.5%

From the Vault

Danish Soccer Players

by smac17

Sports 5m
We'd like to enjoy a delicious Danish right now, but that's an entirely different concept.
Remove Ads.
Support Sporcle.
Get the best of Sporcle when you Go Orange. This ad-free experience offers more features, more stats, and more fun while also helping to support Sporcle. Thank you for becoming a member.

Show Comments

Extras

Top Quizzes Today


Score Distribution

Your Account Isn't Verified!

In order to create a playlist on Sporcle, you need to verify the email address you used during registration. Go to your Sporcle Settings to finish the process.

Report this User

Report this user for behavior that violates our Community Guidelines.

Details: